Hlavní účastníci investičnej výstavby - ich úlohy, postavenie a vzťahy s aplikáciou na stavebné úrady národných výborov záverečná práca postgraduálneho štúdia

Enregistré dans:
Détails bibliographiques
Auteur principal: Môcik, Ján
Collectivité auteur: Vysoká škola ekonomická v Bratislave
Autres auteurs: Vorlíčková, Jana
Format: Livre
Langue:slovaque
Publié: Bratislava 1988
Tags: Ajouter un tag
Pas de tags, Soyez le premier à ajouter un tag!

MARC

LEADER 00000nam a2200000 4500
001 c034862
005 20230116095035.4
041 0 |a slo 
044 |a SK 
245 1 0 |a Hlavní účastníci investičnej výstavby - ich úlohy, postavenie a vzťahy s aplikáciou na stavebné úrady národných výborov  |b záverečná práca postgraduálneho štúdia  |c Ján Môcik ; Ved. práce Jana Vorlíčková 
264 1 |a Bratislava  |c 1988 
300 |a 46 s. 
100 1 |a Môcik, Ján 
700 1 |a Vorlíčková, Jana 
710 2 |a Vysoká škola ekonomická v Bratislave